000 00886nam a2200265Ia 4500
001 41349
005 20230411085956.0
008 891024s1985 dr 000 0 spa d
035 _a(OCoLC)ocm20540173
040 _aPBR
_cPBR
035 _a(OCoLC)20540173
092 _a001.51
_bP588s
049 _aGRAL
100 1 _aPiccini, Mabel.
245 1 0 _aSobre la producción discursiva, la comunicación y las ideologías /
_cMabel Piccini.
250 _a1. ed.
260 _aSanto Domingo, R.D. :
_bEditorial Universitaria,
_c1985.
300 _a58 p. ;
_c20 cm.
490 0 _aColección "Cuadernos de Comunicación" ;
_vno. 6
504 _aBibliography: p. 55-58.
500 _a"Publicaciâon de la Universidad Autâonoma de Santo Domingo. Dept. de Comunicaciâon Social, vol. CCCLIX".
650 0 _aCommunication
_xSocial aspects.
942 _2lcc
_cbk
994 _aC0
_bDRFGD
999 _c110317
_d110317